| 000 | 00688nam a22001817a 4500 | ||
|---|---|---|---|
| 003 | NUST-PNEC | ||
| 005 | 20170116180716.0 | ||
| 008 | 141020b xxu||||| |||| 00| 0 eng d | ||
| 020 | _a000458855x | ||
| 040 | _cPNEC | ||
| 082 | _a623.82509 AVE | ||
| 100 |
_9700 _aAvery Derek |
||
| 245 |
_aGem Guide to Modern Warships (Collins Gems) _cDerek Avery |
||
| 260 |
_aLondon ; Glasgow : _bCollins, _cc.1987. |
||
| 300 | _a240 pages. | ||
| 500 | _ahttp://www.amazon.com/Guide-Modern-Warships-Collins-Gems/dp/000458855X/ref=sr_1_1?s=books&ie=UTF8&qid=1413791404&sr=1-1&keywords=000458855x https://www.worldcat.org/title/modern-warships/oclc/877118704&referer=brief_results | ||
| 942 |
_2ddc _cBK |
||
| 999 |
_c61166 _d61166 |
||